[Event "Holguin Regional-ch sf"]
[Site "Holguin"]
[Date "2023.10.14"]
[Round "6"]
[White "Gonzalez Pupo, Daniel"]
[Black "Leyva Infante, Victor Manuel"]
[Result "1/2-1/2"]
[WhiteElo "2067"]
[BlackElo "2005"]
[PlyCount "79"]
[EventDate "2023.10.11"]
[EventType "swiss"]
[EventRounds "7"]
[EventCountry "CUB"]
[SourceTitle "Mega2024 Update 01"]
[Source "Chessbase"]
[SourceDate "2023.11.12"]
[SourceVersion "1"]
[SourceVersionDate "2023.11.12"]
[SourceQuality "1"]

1. d4 d5 2. Nf3 Nf6 3. e3 Bg4 4. Be2 e6 5. Ne5 Bxe2 6. Qxe2 Nbd7 7. 0-0 Nxe5 8. dxe5 Nd7 9. f4 g6 10. b3 c6 11. Bb2 h5 12. Nd2 Be7 13. c4 Bb4 14. cxd5 cxd5 15. Bd4 0-0 16. a3 Be7 17. Rac1 Rc8 18. b4 a6 19. Nb3 b5 20. Rxc8 Qxc8 21. Rc1 Qb8 22. Qc2 Bd8 23. Qc6 Nb6 24. Bxb6 Bxb6 25. Nd4 Bxd4 26. exd4 Qa7 27. Rc5 Kg7 28. Kf2 Rb8 29. Ke3 a5 30. Rxb5 axb4 31. Rxb8 Qxb8 32. axb4 Qxb4 33. Qc1 Qb3+ 34. Ke2 h4 35. Qe3 Qc2+ 36. Kf3 h3 37. gxh3 Qxh2 38. Kg4 Qg2+ 39. Kh4 Qb2 40. Kg3 1/2-1/2

[Event "Holguin Regional-ch sf"]
[Site "Holguin"]
[Date "2023.10.11"]
[Round "1"]
[White "Leyva Infante, Victor Manuel"]
[Black "Machin Parra, Leandro"]
[Result "1-0"]
[WhiteElo "2005"]
[BlackElo "2160"]
[PlyCount "63"]
[EventDate "2023.10.11"]
[EventType "swiss"]
[EventRounds "7"]
[EventCountry "CUB"]
[SourceTitle "Mega2024 Update 01"]
[Source "Chessbase"]
[SourceDate "2023.11.12"]
[SourceVersion "1"]
[SourceVersionDate "2023.11.12"]
[SourceQuality "1"]

1. d4 Nf6 2. Nf3 b6 3. Bf4 Bb7 4. Nbd2 g6 5. e3 Bg7 6. h3 0-0 7. Be2 d6 8. 0-0 Nbd7 9. c3 Qe8 10. Bh2 e5 11. dxe5 dxe5 12. Qc2 Qe7 13. Rfd1 Rfd8 14. b4 a6 15. a4 e4 16. Nd4 c5 17. bxc5 bxc5 18. N4b3 Ne5 19. Na5 Nd3 20. Rab1 Ra7 21. Nxb7 Rxb7 22. Rxb7 Qxb7 23. Nxe4 Nxe4 24. Rxd3 Re8 25. Bf3 f5 26. Qd1 h5 27. Rd7 Qc6 28. Rd6 Qc8 29. Bxe4 fxe4 30. Rxg6 Qf5 31. Rd6 Bxc3 32. Qb3+ 1-0

[Event "CUB-ch Seniors 1st"]
[Site "Granma"]
[Date "2018.10.30"]
[Round "1"]
[White "Leyva Infante, Victor Manuel"]
[Black "Garcia Martinez, Omar"]
[Result "1/2-1/2"]
[WhiteElo "2008"]
[BlackElo "2277"]
[PlyCount "81"]
[EventDate "2018.10.30"]
[EventType "swiss"]
[EventRounds "9"]
[EventCountry "CUB"]
[SourceTitle "EXT 2021"]
[Source "ChessBase"]
[SourceDate "2020.10.23"]
[SourceVersion "1"]
[SourceVersionDate "2020.10.23"]
[SourceQuality "1"]

1. d4 Nf6 2. Nf3 e6 3. Bg5 d5 4. Nbd2 c5 5. e3 Nbd7 6. c3 Be7 7. Bd3 b6 8. 0-0 Bb7 9. Qe2 0-0 10. Rad1 Ne4 11. Bf4 Qc8 12. h3 a5 13. Ne5 Nef6 14. Ndf3 Re8 15. Bb5 Ba6 16. Nxd7 Nxd7 17. Bxa6 Qxa6 18. Qxa6 Rxa6 19. Ne5 Nxe5 20. Bxe5 b5 21. dxc5 Bxc5 22. a3 Rc8 23. Rfe1 f6 24. Bg3 f5 25. Rc1 Bd6 26. Bxd6 Rxd6 27. Rcd1 Rb6 28. Rd3 Rc4 29. Re2 Kf7 30. f3 Rbc6 31. Kf2 b4 32. cxb4 axb4 33. Rb3 bxa3 34. bxa3 Kf6 35. f4 Rc1 36. Ra2 R1c2+ 37. Rxc2 Rxc2+ 38. Kf3 h5 39. h4 Ra2 40. Kg3 Rd2 41. Kf3 1/2-1/2

[Event "Adelquis Remon Memorial-F"]
[Site "Holguin"]
[Date "2017.11.04"]
[Round "5.3"]
[White "Leyva Infante, Victor Manuel"]
[Black "Vazquez Matos, Adolfo Antonio"]
[Result "0-1"]
[WhiteElo "2036"]
[BlackElo "2038"]
[PlyCount "54"]
[EventDate "2017.11.02"]
[EventType "tourn"]
[EventRounds "10"]
[EventCountry "CUB"]
[SourceTitle "EXT 2023"]
[Source "ChessBase"]
[SourceDate "2022.10.05"]
[SourceVersion "1"]
[SourceVersionDate "2022.10.05"]
[SourceQuality "1"]

1. d4 d5 2. Nf3 e6 3. c4 c6 4. Nc3 f5 5. e3 Nf6 6. Bd3 Bd6 7. 0-0 0-0 8. b3 Ne4 9. Bb2 Nd7 10. Qe2 Qe7 11. cxd5 exd5 12. Rac1 Rf6 13. g3 Rh6 14. Nd2 Ndf6 15. f3 Bxg3 16. hxg3 Nxg3 17. Qe1 Nfh5 18. Rf2 Rg6 19. Rg2 Qh4 20. Bf1 f4 21. exf4 Bh3 22. f5 Bxf5 23. Ba3 Re6 24. Nde4 Qh1+ 25. Kf2 Nxf1 26. Qxf1 Qh4+ 27. Ng3 Qxd4# 0-1

[Event "Adelquis Remon Memorial-F"]
[Site "Holguin"]
[Date "2017.11.03"]
[Round "4.1"]
[White "Venzant Batista, Marcia Camila"]
[Black "Leyva Infante, Victor Manuel"]
[Result "1-0"]
[WhiteElo "2027"]
[BlackElo "2036"]
[PlyCount "67"]
[EventDate "2017.11.02"]
[EventType "tourn"]
[EventRounds "10"]
[EventCountry "CUB"]
[SourceTitle "EXT 2023"]
[Source "ChessBase"]
[SourceDate "2022.10.05"]
[SourceVersion "1"]
[SourceVersionDate "2022.10.05"]
[SourceQuality "1"]

1. e4 e5 2. Nf3 Nf6 3. Nxe5 d6 4. Nf3 Nxe4 5. Nc3 Nf6 6. d4 d5 7. Bg5 Be7 8. Qd2 0-0 9. 0-0-0 Bf5 10. Qf4 Bg6 11. Bxf6 Bxf6 12. h4 h5 13. g4 c6 14. gxh5 Bxh5 15. Bd3 Nd7 16. Rdg1 g6 17. Ne5 Bg7 18. Qg3 Nxe5 19. dxe5 Re8 20. f4 Qd7 21. Nd1 c5 22. Ne3 c4 23. Bf5 Qb5 24. Bg4 Bxg4 25. Nxg4 d4 26. h5 c3 27. b3 Qa5 28. hxg6 Qxa2 29. gxf7+ Kxf7 30. Nh6+ Ke6 31. Qg6+ Kd7 32. Qf5+ Kd8 33. Kd1 Bxh6 34. Rxh6 1-0

[Event "Adelquis Remon Memorial-F"]
[Site "Holguin"]
[Date "2017.11.02"]
[Round "1.2"]
[White "De la Torre Sanchez, Arian"]
[Black "Leyva Infante, Victor Manuel"]
[Result "1/2-1/2"]
[WhiteElo "2056"]
[BlackElo "2036"]
[PlyCount "44"]
[EventDate "2017.11.02"]
[EventType "tourn"]
[EventRounds "10"]
[EventCountry "CUB"]
[SourceTitle "EXT 2023"]
[Source "ChessBase"]
[SourceDate "2022.10.05"]
[SourceVersion "1"]
[SourceVersionDate "2022.10.05"]
[SourceQuality "1"]

1. e4 e5 2. Nf3 Nf6 3. d4 Nxe4 4. Bd3 d5 5. Nxe5 Nf6 6. 0-0 Be7 7. Nc3 0-0 8. Qf3 Nc6 9. Nxc6 bxc6 10. h3 Rb8 11. b3 c5 12. dxc5 Bxc5 13. Bg5 c6 14. Qg3 Bd6 15. f4 Qb6+ 16. Kh1 Nh5 17. Qh4 g6 18. Bh6 Qd8 19. Bg5 f6 20. Bh6 f5 21. Bg5 Qc7 22. Rae1 Bd7 1/2-1/2